000 01942nam a2200373 4500
001 113657
003 DR-UNIBE
005 20250521105550.0
008 250521b2012 dr ||||| |||| 00| 0 spa d
020 _a9789945470154 (tomo 1)
020 _a9789945470161 (tomo 2)
020 _a9789945470178 (tomo 3)
020 _a9789945470185 (tomo 4)
040 _aBIBLIOTECA UNIBE
_bspa
_cBIBLIOTECA UNIBE
041 _aspa
082 _222
_aRD 347.7293016 C348b
100 1 _aCastellanos Estrella, Víctor José
_eautor
_ecompilador
_929257
245 1 0 _aBiblioteca básica para el Oficial del Estado Civil /
_cVíctor José Castellanos Estrella
260 _aSanto Domingo :
_bJunta Central Electoral. Escuela de Formación Electoral y del Estado Civil,
_c2012
300 _a6 volúmenes :
_bilustraciones ;
_c28 cm
500 _aLos tres primeros tomos: "Lecciones teóricas de derecho de la competencia del Oficial del Estado Civil", corresponden a la parte de consulta teórica de las distintas funciones que le corresponden al Oficial del Estado Civil. El tomo 4 "Procedimientos" trata de organización y creación de flujos correspondientes para las funciones que tienen que ser rendidas como oficial público. En Biblioteca tenemos los 4 primeros volúmenes.
650 7 _2lemb
_aFunción judicial
_zRepública Dominicana
_9195800
650 7 _2lemb
_aJueces
_zRepública Dominicana
_95181
650 7 _2lemb
_aCompetencia (Derecho)
_97265
650 7 _2lemb
_aRegistro civil
_zRepública Dominicana
_93540
650 7 _2lemb
_aRegistros públicos
_zRepública Dominicana
_92569
700 1 _aPaulino, Nurys
_eeditor
_9144912
700 1 _aSánchez, Mario
_ecorrector
_9195790
700 1 _aAlcántara, Mercedes
_ecorrector
_9195791
700 1 _aRamírez, Ivanna
_ecorrector
_9195792
700 1 _aRosario Márquez, Roberto
_eprologuista
_949598
700 1 _aRosa, Marcel
_ediseño de portada y diagramación
_9180798
942 _2ddc
_cBK
999 _c113657
_d113657